Logo biblioteca
Santa Fe 2917, Rosario, Santa Fe
Lu-Vi 8 a 19.45
+54-341-4232362
bibliotecaeudoro@gmail.com
Facebook Biblioteca Pedagógica
Sitio web

La maldición de los Dain / (Registro nro. 32543)

Detalles MARC
000 -CABECERA
campo fijo de control de longitud 00760cam a2200241 4500
001 - NÚMERO DE CONTROL
campo de control 32543
003 - IDENTIFICADOR DEL NÚMERO DE CONTROL
campo de control AR-RoBPED
005 - FECHA Y HORADE LA ULTIMA TRANSACCION
campo de control 20260410105605.0
008 - ELEMENTOS DE LONGITUD FIJA--INFORMACION GENERAL
campo fijo de control de longitud 260409s1971 |||||||| |||| 00| 1 spa d
040 ## - FUENTE CATALOGADORA
Centro catalogador/agencia de origen AR-RoBPED
041 ## - IDIOMA
Código de idioma para texto/pista de sonido o título independiente spa
100 1# - ENCABEZAMIENTO PRINCIPAL--AUTOR PERSONAL
Nombre de persona Hammett, Dashiell
Fechas nac-muerte 1894-1961
9 (RLIN) 3568
245 13 - TITULO
Título La maldición de los Dain /
Mención de responsabilidad Dashiell Hammet; prologo de Luis Izquierdo
260 ## - PUBLICACION
Lugar España:
Editor Salvat,
Fecha 1971.
300 ## - DESCRIPCION FISICA
Extensión 181 p.
490 0# - SERIE
Mención de serie (Biblioteca Básica Salvat ;
Designación de volumen o secuencia 75)
650 #4 - TERMINO DE MATERIA--CONTROLADO
Término controlado LITERATURA ESTADOUNIDENSE
9 (RLIN) 294
Término controlado NOVELAS
9 (RLIN) 25
Término controlado NOVELAS POLICIALES
9 (RLIN) 1746
700 ## - ENCABEZAMIENTO SECUNDARIO--AUTOR PERSONAL
Nombre de persona Izquierdo, Luis
9 (RLIN) 30687
Función pról.
942 ## - ELEMENTOS KOHA
Fuente de clasificación Universal Decimal Classification
Número Koha k. 32543
Koha tipo de ítem Libro
Clasificación 820(73)-31
Signatura librística H 19 m
Inventario inv. 42354
945 ## - PROCESAMIENTO DE LA INFORMACIÓN LOCAL
Catalogador y fecha mm 09/04/2026 mev 10/04/2026
Existencias
Estado retirado Estado perdido Fuente de clasificación Estado dañado No se presta Biblioteca propietaria Biblioteca de reserva Fecha de adquisición Procedencia Total de préstamos Signatura topográfica completa Código de barras (nº de inventario) Fecha visto por última vez Catalogador y fecha Tipo de ítem Koha Nota pública
    Universal Decimal Classification     Biblioteca Pedagógica Eudoro Díaz Biblioteca Pedagógica Eudoro Díaz 01/04/2026 Donación   820(73)-31 H 19 m 42354 09/04/2026 mm 09/04/2026 Libro Se presta 15 días.